Reinhold Niebuhr (Record no. 9407)

MARC details
000 -LEADER
fixed length control field 00579nam a2200229 a 4500
020 ## - INTERNATIONAL STANDARD BOOK NUMBER
ISBN 0001323
082 00 - DEWEY DECIMAL CLASSIFICATION NUMBER
Classification number 241
Author Cutter NIE
100 ## - MAIN ENTRY--AUTHOR NAME
Author name Niebuhr, Reinhold
245 ## - TITLE STATEMENT
Title Reinhold Niebuhr
Sub title Theologian of Public Life
260 ## - PUBLICATION, DISTRIBUTION, ETC. (IMPRINT)
Place of publication London
Name of publisher Collins Religious Pub.
Year of publication 1988
300 ## - PHYSICAL DESCRIPTION
Number of Pages 299p
500 ## - GENERAL NOTE
General note includes index and biblioraphy
505 2# - FORMATTED CONTENTS NOTE
Formatted contents note Index
650 ## - SUBJECT ADDED ENTRY--TOPICAL TERM
Topical Term Theology-Moral
942 ## - ADDED ENTRY ELEMENTS (KOHA)
Koha item type Books
Holdings
Collection code Home library Current library Date acquired Cost, normal purchase price Full call number Accession Number Koha item type
  Henry Martyn Institute Library Henry Martyn Institute Library 06/29/2007 653.35 241 NIE 015514 Books
                   Copyright © 2026 | Henry Martyn Institute | Hyderabad | TS-500052 | INDIA | Implemented by hmi.edu.in
Hit-Count:

Powered by Koha